000 00546nam a22001937a 4500
003 MPLRDC
005 20220104123942.0
008 210129b ||||| |||| 00| 0 eng d
020 _a7-215-02184-X
082 _a628.63 ZHMG v.1
100 _a张宪文、黄美真主编
245 _a艰难延伸的民国铁路
_c
250 _a一版一刷
260 _a
_b河南人民出版社
_c1993
300 _b
490 _a中华民国史丛书
650 _a中国现代史; 民国史--国民政府迁台以后
942 _cBK
_o628.63 ZHMG v.1
999 _c15483
_d15473